Top 10 Biggest Metropolitan Areas in the "Stan" Countries - Statistics

General Stats
  • This quiz has been taken 17 times
  • The average score is 7 of 10
Answer Stats
City Population % Correct
Kabul 5,100,000
100%
Karachi 16,400,000
100%
Tashkent 2,900,000
100%
Almaty 2,300,000
88%
Lahore 11,300,000
88%
Faisalabad 3,900,000
56%
Hyderabad 2,000,000
50%
Rawalpindi 2,900,000
44%
Peshawar 2,200,000
31%
Gujranwala 3,500,000
25%
No matching quizzes found
Score Distribution
Percent of People with Each Score
Percentile by Number Answered
Your Score History
You have not taken this quiz